Biochemical models of leaf photosynthesis (Record no. 41734)

MARC details
000 -LEADER
fixed length control field 00384nam a2200133Ia 4500
082 ## - DEWEY DECIMAL CLASSIFICATION NUMBER
Classification number 581.132:577.1
Item number CAE
100 ## - MAIN ENTRY--AUTHOR NAME
Personal name Von Caemmerer, S
245 #0 - TITLE STATEMENT
Title Biochemical models of leaf photosynthesis
260 ## - PUBLICATION, DISTRIBUTION, ETC. (IMPRINT)
Place of publication Australia
Name of publisher CSIRO
Year of publication 2000
490 ## - SERIES STATEMENT
Series statement Techniques in plant sciences No. 2
650 ## - SUBJECT ADDED ENTRY--TOPICAL TERM
Topical Term Photosynthesis modelling
942 ## - ADDED ENTRY ELEMENTS (KOHA)
Koha item type Books
Holdings
Withdrawn status Lost status Damaged status Not for loan Home library Current library Date acquired Cost, normal purchase price Full call number Accession Number Koha item type
        RRII Library RRII Library 16/12/2021 85.00 581.132:577.1 CAE 22020 Books